| 000 | 00872nam a2200253Ia 4500 | ||
|---|---|---|---|
| 003 | OSt | ||
| 005 | 20220923225339.0 | ||
| 006 | a|||||r|||| 00| 0 | ||
| 007 | ta | ||
| 008 | 220922b |||||||| |||| 00| 0 hin d | ||
| 024 | _a263,759 | ||
| 037 | _cTextual | ||
| 040 |
_aARTS _cARTS _bhin |
||
| 041 |
_2hin _ahin |
||
| 082 | _aV2,21y7M18, 152L6 | ||
| 100 |
_aशर्मा, राजेश _9156290 |
||
| 245 | 0 |
_aइन्दिरा गांधी _b नेतृत्व के दस वर्ष |
|
| 246 | _aIndirā gāandhī: netṛutva ke das varṣha | ||
| 260 |
_aदिल्ली _b सन्मार्ग प्रकाशन _c1976 |
||
| 300 |
_a96पृ. _ccm. |
||
| 650 |
_aभारत-इतिहास _9156353 |
||
| 942 |
_hV2,21y7M18, 152L6 _cTEXL _2CC |
||
| 999 |
_c377674 _d377674 |
||